000 00404nam a2200133Ia 4500
008 151001s9999||||xx |||||||||||||| ||und||
100 _aसहदेव चौगुले शिंदे
245 _aसोनेरी शब्दशिल्पे
250 _a1
260 _b"परी प्रकाशन,कोल्हापूर "
260 _c2013
300 _a208
365 _b21
999 _c1000313
_d1000310